| 000 | 00000nam##2200000za#4500 |
| 001 | 9.642956 |
| 003 | CaOODSP |
| 005 | 20210624223940 |
| 007 | cr ||||||||||| |
| 008 | 150407|2007||||xxc|||||o f|0| 0 fre|d |
| 040 | |aCaOODSP|bfre |
| 043 | |an-cn--- |
| 086 | 1 |aEn164-43/2005F-PDF |
| 110 | 1 |aCanada. |bEnvironnement Canada. |
| 245 | 10|aStratégie binationale relative aux toxiques des Grands Lacs, évaluation des substances de niveau 1 - sommaire / |h[ressource électronique]|c[en collaboration avec le] U.S. Environmental Protection Agency. |
| 260 | |aBurlington - Ontario : |bEnvironnement Canada |cDécembre 2005. |
| 300 | |a68p.|bfigures, graphiques, tableaux, photographies |
| 590 | |a14-05-Supp|b2014-02-26 |
| 691 | 07|aLac|2gcpds |
| 691 | 07|aProduit toxique|2gcpds |
| 691 | 07|aProtection de l'environnement|2gcpds |
| 775 | 08|tGreat Lakes Binational Toxics Strategy assessment of Level 1 substances - summary / |w(CaOODSP)9.698959 |
| 856 | 40|ahttp://publications.gc.ca|qPDF|s4.12 Mo|uhttps://publications.gc.ca/collections/collection_2014/ec/En164-43-2005-fra.pdf |